00910nam a2200241 a 4500001000200000003000900002005001700011008004000028040002600068082003200094100003700126245009900163250001200262260007200274300003000346500007700376500007300453504003200526600003000558650002600588650002400614700003000638 DO-SdBNP20211109072343.0090716s1999 dr r 001 0 spa d aDO-SdBNPbspacBPMSU  4aRD868.4408bB742C, 19992221 aCastellanos, Justo Pedro,d1961-10aAntología del pensamiento de Juan Bosch /cJusto Pedro Castellano; prólogo Pedro Vergés. a2a. ed. aSanto Domingo :bBanco Central de la República Dominicana, c1999 axxxvi,282 p. ;c23 cm.b  aIncluye datos biográficos del autor en la solapa de la contracubierta  aIncluye referencias bibliográficas y notas al pie de las páginas aBibliografía : p. 279-28210a Bosch, Juan, d1909-2001 4aPensamiento crítico 4aEnsayos dominicanos1 aVergés, Pedro,epról.